Songs on Reputation by Taylor Swift - Statistics

General Stats
  • This quiz has been taken 25 times
  • The average score is 14 of 15
Answer Stats
Answer % Correct
Look What You Made Me Do
100%
This Is Why We Can't Have Nice Things
100%
Delicate
95%
Dress
95%
Getaway Car
95%
Gorgeous
95%
New Year's Day
95%
...Ready For It?
95%
Don't Blame Me
91%
End Game
86%
I Did Something Bad
86%
King Of My Heart
86%
So It Goes...
86%
Dancing With Our Hands Tied
82%
Call It What You Want
77%
No matching quizzes found
Score Distribution
Percent of People with Each Score
Percentile by Number Answered
Your Score History
You have not taken this quiz